000
00257nam a2200109Ia 4500
008
200302s9999 xx 000 0 und d
100
_a
A. L. Basham
245
_a
The Wonder That was India 3 ed,.
260
_b
Rupa & Co.,
260
_c
2001
300
_a
568 P.,
999
_c
1398
_d
1398